Straight ahead (destinations) (Record no. 15240)
[ view plain ]
| 000 -LEADER | |
|---|---|
| fixed length control field | 00532nam a22001937a 4500 |
| 003 - CONTROL NUMBER IDENTIFIER | |
| control field | mut |
| 005 - DATE AND TIME OF LATEST TRANSACTION | |
| control field | 20240606081330.0 |
| 008 - FIXED-LENGTH DATA ELEMENTS--GENERAL INFORMATION | |
| fixed length control field | 180124b xxu||||| |||| 00| 0 eng d |
| 020 ## - INTERNATIONAL STANDARD BOOK NUMBER | |
| International Standard Book Number | 0138518335 |
| 040 ## - CATALOGING SOURCE | |
| Transcribing agency | mut |
| 050 ## - LIBRARY OF CONGRESS CALL NUMBER | |
| Classification number | PE1408 |
| Item number | .S88 1990 |
| 245 ## - TITLE STATEMENT | |
| Title | Straight ahead (destinations) |
| 260 ## - PUBLICATION, DISTRIBUTION, ETC. | |
| Place of publication, distribution, etc. | Canada |
| Name of publisher, distributor, etc. | Prentice Hall |
| Date of publication, distribution, etc. | c1990 |
| 650 ## - SUBJECT ADDED ENTRY--TOPICAL TERM | |
| Topical term or geographic name entry element | English language |
| 650 ## - SUBJECT ADDED ENTRY--TOPICAL TERM | |
| Topical term or geographic name entry element | English language |
| General subdivision | Composition and exercises |
| 650 ## - SUBJECT ADDED ENTRY--TOPICAL TERM | |
| Topical term or geographic name entry element | Communication |
| General subdivision | Problems, exercises |
| 700 ## - ADDED ENTRY--PERSONAL NAME | |
| Personal name | Robinson, S.D. |
| Relator term | Editor |
| 942 ## - ADDED ENTRY ELEMENTS (KOHA) | |
| Source of classification or shelving scheme | Library of Congress Classification |
| Koha item type | Books |
| Withdrawn status | Lost status | Source of classification or shelving scheme | Damaged status | Not for loan | Home library | Current library | Shelving location | Date acquired | Source of acquisition | Total checkouts | Full call number | Barcode | Date last seen | Price effective from | Koha item type |
|---|---|---|---|---|---|---|---|---|---|---|---|---|---|---|---|
| Library of Congress Classification | Murang'a University of Technology Library | Murang'a University of Technology Library | General stacks | 24/01/2018 | Donation-TFC | PE1408 .S88 1990 | 017941 | 30/08/2024 | 24/01/2018 | Books | |||||
| Library of Congress Classification | Murang'a University of Technology Library | Murang'a University of Technology Library | General stacks | 26/01/2018 | Donation-TFC | PE1408 .S88 1990 | 017872 | 26/01/2018 | 26/01/2018 | Books | |||||
| Library of Congress Classification | Murang'a University of Technology Library | Murang'a University of Technology Library | General stacks | 29/01/2018 | Donation-TFC | PE1408 .S88 1990 | 018393 | 30/08/2024 | 29/01/2018 | Books | |||||
| Library of Congress Classification | Murang'a University of Technology Library | Murang'a University of Technology Library | General stacks | 29/01/2018 | Donation-TFC | PE1408 .S88 1990 | 017901 | 30/08/2024 | 29/01/2018 | Books | |||||
| Library of Congress Classification | Murang'a University of Technology Library | Murang'a University of Technology Library | General stacks | 29/01/2018 | Donation-TFC | PE1408 .S88 1990 | 018338 | 29/01/2018 | 29/01/2018 | Books | |||||
| Library of Congress Classification | Murang'a University of Technology Library | Murang'a University of Technology Library | General stacks | 13/02/2018 | Donation-TFC | PE1408 .S88 1990 | 018676 | 13/02/2018 | 13/02/2018 | Books | |||||
| Library of Congress Classification | Murang'a University of Technology Library | Murang'a University of Technology Library | General stacks | 25/04/2018 | Donation-TFC | PE 1408 .S88 1990 | 020504 | 09/04/2026 | 25/04/2018 | Books |